00387nam a2200133Ia 4500008004100000041000800041082001600049100001700065245007800082260002900160300001600189365001600205700003200221230718s9999 xx 000 0 und d aeng a621.37bTHE aTheraja B.L. aTextbook Of Electrical Technology Vol. IIbAC And DC Machines In SI Units c2018bS. Chand & Company a865 To 1568 cRs.b375.00 aTheraja B.L. & Theraja A.K.